000 02100nam0a2200421 4500
001 RU\NLR\BIBL_A\022323936
005 20260420014623.0
010 _a978-5-9968-0924-0
_910 000
021 _aRU
_bКН-П-24-046039
_9КН-П-24-4581
035 _a(NLR Aleph) 022323936
090 _a13665156
_c13665156
100 _a20240916d2024 u y0rusy50 ca
101 0 _arus
102 _aRU
105 _ay w 000zy
181 0 _ai
_baxxe
182 0 _an
200 1 _aТолкование на псалмы
_fсвятитель Афанасий Великий
203 _aТекст
_bвизуальный
_cнепосредственный
210 _aМосква
_cБлаговест
_d2024
215 _a527 с.
_d21
300 _aВ макете загл.: Святитель Афанасий Великий. Толкование на псалмы
300 _aКн. печается по изд.: Творения в 4-х томах. Т. 4 / свт. Афанасий Великий. Свято-Троицкая Сергиева Лавра, 1902–1903
320 _aБиблиогр. в подстроч. примеч.
451 0 _12001#$aТворения$eв 4-х томах$fсвт. Афанасий Великий
_1210##$aСвято-Троицкая Сергиева Лавра$d1902–1903
_tТворения
500 1 0 _aБиблия
_iВ.З
_iПсалтирь
_92631012
_3RU\NLR\AUTH\553037
517 1 _aСвятитель Афанасий Великий. Толкование на псалмы
605 _aБиблия
_iВетхий Завет
_iПсалтырь
_xТолкование
_92191472
_3RU\NLR\AUTH\661317340
606 1 _aПатристика
_92291912
_3RU\NLR\AUTH\661372588
675 _a271.22-36
686 1 _aЭ37-210.913
686 2 _aЭ37-4
700 0 _7ca
_8rus
_aАфанасий Великий
_cархиепископ Александрийский
_f295-373
_9121283
_3RU\NLR\AUTH\7711541
942 _cBOOK
980 _aNB